| 000 -LEADER |
| fixed length control field |
01756nam a2200265Ia 4500 |
| 001 - CONTROL NUMBER |
| control field |
14088 |
| 003 - CONTROL NUMBER IDENTIFIER |
| control field |
GE_BSU |
| 005 - DATE AND TIME OF LATEST TRANSACTION |
| control field |
20241104163012.0 |
| 008 - FIXED-LENGTH DATA ELEMENTS--GENERAL INFORMATION |
| fixed length control field |
181216s1977||||ge |||||||||||||| ||rus|| |
| 040 ## - CATALOGING SOURCE |
| Transcribing agency |
GE_BSU |
| 050 ## - LIBRARY OF CONGRESS CALL NUMBER |
| Classification number |
rus |
| 080 ## - UNIVERSAL DECIMAL CLASSIFICATION NUMBER |
| Universal Decimal Classification number |
1(479.22)(092)+902.2(569.4)+008(479.22)(09)+27-788(=353.1)(569.4) Ч-28 |
| 100 ## - MAIN ENTRY--PERSONAL NAME |
| Personal name |
Чачанидзе, В. И. |
| 9 (RLIN) |
23613 |
| 245 ## - TITLE STATEMENT |
| Title |
Петр Ивер и археологические раскопки грузинского монастыря в Иерусалиме = Peter the Iberian and archaeological excavations of the Georgian monastery in Ierusalem / |
| Statement of responsibility, etc. |
В. И. Чачанидзе ; Редактор профессор С. Я. Енукашвили ; Академия наук Грузинской ССР, Институт философии. |
| 264 ## - PRODUCTION, PUBLICATION, DISTRIBUTION, MANUFACTURE, AND COPYRIGHT NOTICE |
| Place of production, publication, distribution, manufacture |
Тбилиси : |
| Name of producer, publisher, distributor, manufacturer |
Мецниереба, |
| Date of production, publication, distribution, manufacture, or copyright notice |
1977. |
| 300 ## - PHYSICAL DESCRIPTION |
| Extent |
235 стр. : |
| Other physical details |
1 л. ил. ; |
| Dimensions |
22 см. |
| 500 ## - GENERAL NOTE |
| General note |
ბიბლიოგრაფია ტექსტის შენიშვნებში |
| 500 ## - GENERAL NOTE |
| General note |
ტექსტი ინგლისურ, ფრანგულ და იტალიურ ენებზე |
| 500 ## - GENERAL NOTE |
| General note |
რეზიუმე ფრანგულ და ინგლისურ ენებზე |
| 653 ## - INDEX TERM--UNCONTROLLED |
| keyword |
Петр Ивер и археологические раскопки грузинского монастыря в Иерусалиме |
| 653 ## - INDEX TERM--UNCONTROLLED |
| keyword |
არქეოლოგია |
| 653 ## - INDEX TERM--UNCONTROLLED |
| keyword |
პეტრე იბერიელი და ქართული მონასტრის არქეოლოგიური გათხრები იერუსალიმში |
| 700 ## - ADDED ENTRY--PERSONAL NAME |
| Personal name |
Енукашвили, С. |
| Titles and other words associated with a name |
Редактор |
| 9 (RLIN) |
23614 |
| 942 ## - ADDED ENTRY ELEMENTS (KOHA) |
| Koha item type |
წიგნი |
| Source of classification or shelving scheme |
|